000 00623cam a22002295a 4500
001 L159651
008 150226s2017 xxk f 000 0 eng d
035 _a(Sirsi) u159651
041 0 _aeng
100 1 _aBurwood-Taylor, Louisa
245 0 0 _aGrowth industry
260 _c2017
490 _aModus
_vJuly - August 2017, 24-27 (4)
520 _aReports on technological advances in agriculture.
590 _aKA
650 2 4 _aAGRICULTURAL SECTOR
650 2 4 _aPRECISION FARMING
650 2 4 _aIT
651 4 _aInternational
690 _aENVIRONMENTAL AND LAND CONSULTANCY-AGRIBUSINESS-AGRICULTURE
942 _n0
999 _c84891
_d84891